MINOR ORAL SURGERY (Record no. 4375)

MARC details
000 -LEADER
fixed length control field 00352nam a2200145Ia 4500
008 - FIXED-LENGTH DATA ELEMENTS--GENERAL INFORMATION
fixed length control field 150201s1996 xx 000 0 und d
082 ## - DEWEY DECIMAL CLASSIFICATION NUMBER
Classification number 617.525
Item number M1996H
100 ## - MAIN ENTRY--PERSONAL NAME
Personal name HOWE,J.L
245 ## - TITLE STATEMENT
Title MINOR ORAL SURGERY
250 ## - EDITION STATEMENT
Edition statement 3RD
260 ## - PUBLICATION, DISTRIBUTION, ETC. (IMPRINT)
Name of publisher, distributor, etc. VARGHESE PUBLICATION`
Place of publication, distribution, etc. DADAR(MUMBAI)
Date of publication, distribution, etc. 1996
300 ## - PHYSICAL DESCRIPTION
Extent 1-428
650 ## - SUBJECT ADDED ENTRY--TOPICAL TERM
Topical term or geographic name as entry element ORAL SURGERY
942 ## - ADDED ENTRY ELEMENTS (KOHA)
Source of classification or shelving scheme Dewey Decimal Classification
Koha item type Books
Holdings
Withdrawn status Lost status Source of classification or shelving scheme Damaged status Not for loan Home library Current library Date acquired Source of acquisition Cost, normal purchase price Serial Enumeration / chronology SGTU Bill Number Total Checkouts Full call number Barcode Date last seen Bill Date Koha item type
    Dewey Decimal Classification     SGT Dental Library SGT Dental Library 01/11/2009 U.B.S.DELHI 495.00 1 SGTU 671   617.525 M1996H FD5924 15/03/2018 27/02/2013 Books
    Dewey Decimal Classification     SGT Dental Library SGT Dental Library 01/11/2009 U.B.S.DELHI 495.00 1 SGTU 671   617.525 M1996H FD5925 24/06/2019 27/02/2013 Books